000 00503nam a22001817a 4500
003 OSt
005 20140310181750.0
008 130626t xxu||||| |||| 00| 0 eng d
020 _a9789715083393
050 _aPL 6165.4
_b.M722 2010
082 _aFIL 398.2
_bM73 2009
100 _aMolina, Russell
245 _aAko si Kaliwa, ako si Kanan /
_cRussell Molina.
260 _aQuezon City, Manila :
_bAdarna House,
_c2009.
300 _a30 p. :
_bill. col. ;
_c23 cm.
942 _2lcc
_cBK
999 _c3186
_d3186